000 00647 a2200205 4500
010 _aENG-88994
020 _c60.00
_a8185378452
035 _aEN-72527
037 _bDBAD / PUB
082 1 4 _a230.35
090 _c9813
_d9813
100 _aNatarajan, A.R.
245 1 0 _aThe Hidden power /
_cby A.R. Natarajan
250 _a4th ed
260 _aBangalore
_bRamana Maharshi Centre for Learning
_c2006
270 _aPost Office Road, Sanjay Nagar,
_bBangalore
_e560 094
300 _a108p.
_c22 cm (pbk)
942 _adpl
_cEN
_k230.35 / NAT
999 _c9634
_d9634